02477nam a2200229 a 450000100100000000500170001000800410002702000150006804000250008308200180010810000410012624501920016726000450035930000360040450000660044050515360050650400360204260000370207865000420211565000570215770000330221400001509920200929163945.0100201s2005 dr ac 001 0 spa d a9993467227 aDO-SdBNPbspacBNPHU a920.24bP419M1 aPenzo Pichardo, Mario Augustod1944-10aMario Penzo Fondeur :buna vida al servicio de la ingeniería : apuntes e imágenes de familia /cMario Augusto Penzo Pichardo, Natalio Puras Penzo ; Prólogo Roque Napoleón Muñoz. aSanto Domingo :bAmigo del Hogar,c2005. a279 p. :bil., retrs. ;c26 cm. aIncluye datos biográficos de los autores en la contrasolapa2 aPrólogo /Roque Napoleón Muñoz --Introducción -- Una vida al servicio de la ingeniería / Mario Penzo Fondeur -- El profesor -- El funcionario público -- El empresario de la construcción -- Padre de familia -- Sus pasatiempos -- Su libro : Apuntes de una cátedra -- Repercusiones internacionales -- Ex discípulos destacados -- Ultimas actividade -- Condecoraciones y homenajes -- Epílogo -- Bibliografía --Apuntes e imagenes de familia reflexiones y dedicatoria -- La Deuda Sagrada -- Origen de los Fondeur -- Los 90 años de Mamita Virginia -- Los 100 años de Ninina -- El doctor Nicolás Penzo Fondeur -- Gloria y Federico Penzo Fondeur -- Primera Comunión de Nicolás, Federico y Gloria Penzo Fondeur -- Mario, Ana y Nicolás Penzo Fondeur -- Mario Penzo Fondeur, sus familiares y algunas de sus obras -- José Augusto Sánchez Penzo y Salvador Sánchez, hijo de José Amado Sánchez Penzo -- Nicolás Augusto Penzo Amarante Don Augusto -- 50 años del matrimonio Penzo-Fondeur -- 50 aniversario de bodas Penzo-Pichardo -- Los 100 años de Leticia Fondeur Viudad Penzo-- Llegada del primer Penzo a República Dominicana-- Nicolás Penzo-Pierre y su descendencia -- Mario Penzo-Amarante -- Ferretería Moderna de Augusto Penzo y Co. -APECO- -- Alejandro Leonte Penzo Amarante --Los Penzo Amarante, cofundadores del Centro de Recreo de Santiago -- Boda Nucha y Palote -- Fotografías de Isa Puras Penzo y Noemí Penzo Pichardo -- Matrimonio Puras-Penzo -- Cartas de Tío Goyo y Gregorita. aIncluye bibliografía (p. 177)14aPENZO FONDEUR, MARIO,d1910-2003 4aPenzo fondeur (familia)xGenealogía 4aIngeniería civilxHistoriazRepública Dominicana1 aPuras Penzo, Natalio,d1934-